| 000 | 00655nam a22002057a 4500 | ||
|---|---|---|---|
| 001 | 83332 | ||
| 003 | BD-RjUL | ||
| 005 | 20240313095534.0 | ||
| 008 | 240313s1968 p ||||| |||| 00| 0 urd d | ||
| 035 | _a(BD-RjUL) 83332 | ||
| 040 |
_aBD-RjUL _beng _cBD-RjUL |
||
| 041 | _aurd | ||
| 082 |
_223 _a891.439092 _bNAA 1968 |
||
| 100 |
_aرئیس احمد جعفری _912265 |
||
| 245 |
_a اوراق گم گشتہ ;; Awraq i gam ghastah / _cرئیس احمد جعفری ;; Rais Ahmad Jafri |
||
| 260 |
_aLahore : _bMuhammad Ali Akademi, _c1968 |
||
| 600 |
_a Iqbal, Muhammad, Sir, _d1877-1938 _xBiographies _912267 |
||
| 650 | _aBiographies | ||
| 942 |
_2ddc _cBK |
||
| 999 |
_c83332 _d83332 |
||